Priceless : (Record no. 591797)

000 -LEADER
fixed length control field 00497nam a22001337a 4500
020 ## - INTERNATIONAL STANDARD BOOK NUMBER
International Standard Book Number 9787213056796
082 ## - DEWEY DECIMAL CLASSIFICATION NUMBER
Classification number 338.52
Author Mark POU
100 ## - MAIN ENTRY--PERSONAL NAME
Personal name Poundstone, William
245 ## - TITLE STATEMENT
Title Priceless :
Remainder of title the myth of fair value (and how to take advantage of it) Chinese Edition /
Statement of responsibility, etc. William Poundstone and Translated by [ MEI ] WEI LIAN PANG DE SI TONG
260 ## - PUBLICATION, DISTRIBUTION, ETC.
Place of publication, distribution, etc. China :
Name of publisher, distributor, etc. Zhejiang People's Publishing House,
Date of publication, distribution, etc. 2013.
300 ## - PHYSICAL DESCRIPTION
Extent 273 p. ;
Dimensions 23 cm.
880 ## - ALTERNATE GRAPHIC REPRESENTATION
Linkage 245-02\r
Title 无价 /
942 ## - ADDED ENTRY ELEMENTS (KOHA)
Source of classification or shelving scheme
Koha item type Book
Holdings
Withdrawn status Lost status Source of classification or shelving scheme Damaged status Not for loan Permanent Location Current Location Shelving location Date acquired Source of acquisition Total Checkouts Full call number Barcode Date last seen Price effective from Koha item type
          Central Library (CL) Central Library (CL) Chinese Studies 10/14/2022 Donated by China Embassy   338.52 POU CL-D-2003 10/14/2022 10/14/2022 Book
© 2023 Central Library, National University of Sciences and Technology. All Rights Reserved.